000 00526ntaaa2200205 4500
003 01
005 20251027202156.0
008 0714s1973 ag 01
040 _aAR-BaBN
_bspa
_cAR-BaBN
_eaacr
_dRIC
082 _a267.0000 Su5
100 _aSullivan, James L
_9915
245 _aYour life and your church
250 _a1 ed.
260 _aNashville :
_bBroadman Press,
_cc1955
300 _a110 p
500 _aChurch training for juniors
650 _aiglesia-primarios
_920331
650 _aprimarios
_99174
942 _cBK
999 _c16733
_d16733